Phenology and seed storage trials of dipterocarps

Bibliographic Details
Main Author: CHOZABURO
Corporate Author: Institut Penyelidikan Perhutanan Malaysia (FRIM)
Format: Book
Published: Kuala Lumpur : Forestry Department of Forest Research Institute , 1979
Series:Research pamplet ; no. 69
Subjects:

MARC

LEADER 00000cam a2200000 7i4500
001 0000002983
005 20040329.0
090 0 0 |a RP 634.9562   |b CHO 1979 
100 1 0 |a CHOZABURO   |h Tamari 
245 1 0 |a Phenology and seed storage trials of dipterocarps   |c by Chozabura Tamari 
260 0 0 |a Kuala Lumpur :   |b Forestry Department of Forest Research Institute ,   |c 1979 
300 |a 75 p. ;   |c 30 cm. 
440 0 0 |a Research pamplet ; no. 69 
500 0 0 |a Bibliography : p.71-73 
650 0 0 |a Seedlings   |x Storage 
650 0 0 |a Seeds   |x Storage 
710 1 1 |a Institut Penyelidikan Perhutanan Malaysia (FRIM) 
998 |a JPSM 
999 |a 0000005271   |b Monograph   |c Open Shelf   |e Default branch 
999 |a 0000005272   |b Monograph   |c Open Shelf   |e Default branch